00637nam a2200205Ia 450000500170000000800410001702000260005804000190008404100120010308200170011510000220013224500650015426000440021930000300026350400500029365000280034365100290037170000200040085000110042020240304115744.0131103s9999 xx 000 0 und d a818925300XcRs.125.00 aLoreto College aEnglish a371.26 bGAR aGarrett, Henry E. aStatistics in Psychology and Education, cHenry E. Garrett aNew DelhibParagon International c2009 axii,491pb graphs, tables aIncludes bibliographical references and index aStatistics in Education aStatistics in Psychology aWoodworth, R.S. aLCLIB